000 00521nam a2200205 a 4500
001 11200
003 CO-ViMGA
008 141112s2004 ck r 000 u spa d
020 _a9507427511
040 _aCO-ViMGA
_bspa
_cCO-ViMGA
082 0 4 _aMe 863.6 M17a
100 1 _aMastretta, Ángeles
_911384
245 1 0 _aArráncame la vida
250 _a4
260 _aSantafé de Bogotá,
_cEditorial Planeta,
_c1998
300 _a238 p.
590 _aEjemplares : 2
650 1 4 _aNOVELA MEXICANA
_92492
942 _2ddc
_cBK
999 _c22412
_d22412